000 00524nam a2200193 i 4500
001 bg
100 1 _aGUTOWSKI, Roman
245 0 _aDynamika i drgania układów mechanicznych /
_cR. Gutowski, W. Świetlicki.
260 _aWarszawa :
_bPWN,
_c1986.
300 _a954, [1] s. :
_brys., wykr. ;
_c25 cm.
650 9 _aDrgania
650 9 _aMechanika stosowana
700 1 _aSVETLICKIJ, Valerij A.
040 _cBPK
041 _apol
080 _a621.01:534
942 _cKS
008 s pl f |000 0 pol
999 _c23220
_d23220
856 _uhttp://koha.tu.koszalin.pl/cgi-bin/koha/opac-detail.pl?biblionumber=23220
_yKatalog online BPK